000 00363nam a2200133Ia 4500
005 20260328104313.0
008 260328s9999||||xx |||||||||||||| ||und||
100 _aMestre, Octavio
245 0 _aLa Arquitectura como Misterio ; Sobre el Oficio de construir /
_cOctavio Mestre
260 _bPlataforma
300 _a277 p.
650 _aARQUITECTURA
942 _cBK
999 _c11060
_d11060